| 000 | 00386 a2200157 4500 | ||
|---|---|---|---|
| 001 | 13985 | ||
| 020 | _a9788534923545 (broch.) | ||
| 040 | _cAnchieta - Aquarius | ||
| 100 | _aGrippo, Daniel. | ||
| 240 | 1 | 0 |
_aJogo limpo, diversão garantida _lpor |
| 245 | 1 | 0 | _aJogo limpo, diversão garantida |
| 300 | _a69p. | ||
| 362 | 0 | _a2013 | |
| 650 | 4 | _aLiteratura infanto-juvenil | |
| 942 | _cBK | ||
| 999 |
_c13985 _d13985 |
||